Smart grid : (Record no. 355491)
[ view plain ]
| 000 -LEADER | |
|---|---|
| fixed length control field | 00871cam a22002778a 4500 |
| 001 - CONTROL NUMBER | |
| control field | 17049825 |
| 003 - CONTROL NUMBER IDENTIFIER | |
| control field | Nust- CAS-E |
| 005 - DATE AND TIME OF LATEST TRANSACTION | |
| control field | 20251230155115.0 |
| 008 - FIXED-LENGTH DATA ELEMENTS--GENERAL INFORMATION | |
| fixed length control field | 111118s2012 enk b 001 0 eng |
| 010 ## - LIBRARY OF CONGRESS CONTROL NUMBER | |
| LC control number | 2011044006 |
| 020 ## - INTERNATIONAL STANDARD BOOK NUMBER | |
| International Standard Book Number | 9780470974094 |
| 040 ## - CATALOGING SOURCE | |
| Original cataloging agency | DLC |
| Transcribing agency | DLC |
| Modifying agency | DLC |
| 042 ## - AUTHENTICATION CODE | |
| Authentication code | pcc |
| 050 00 - LIBRARY OF CONGRESS CALL NUMBER | |
| Classification number | TK3105 |
| Item number | .S534 2012 |
| 082 00 - DEWEY DECIMAL CLASSIFICATION NUMBER | |
| Classification number | 621.73 |
| Edition number | 23 |
| Author Mark | SMA 2012 |
| 245 00 - TITLE STATEMENT | |
| Title | Smart grid : |
| Remainder of title | technology and applications / |
| Statement of responsibility, etc. | Janaka Ekanayake ... [et al.]. |
| 260 ## - PUBLICATION, DISTRIBUTION, ETC. | |
| Place of publication, distribution, etc. | Chichester, West Sussex, U.K. ; |
| -- | Hoboken, N.J. : |
| Name of publisher, distributor, etc. | Wiley, |
| Date of publication, distribution, etc. | 2012. |
| 263 ## - PROJECTED PUBLICATION DATE | |
| Projected publication date | 1206 |
| 300 ## - PHYSICAL DESCRIPTION | |
| Extent | p. cm. |
| 504 ## - BIBLIOGRAPHY, ETC. NOTE | |
| Bibliography, etc. note | Includes bibliographical references and index. |
| 650 #0 - SUBJECT ADDED ENTRY--TOPICAL TERM | |
| Topical term or geographic name entry element | Smart power grids. |
| 9 (RLIN) | 18567 |
| 700 1# - ADDED ENTRY--PERSONAL NAME | |
| Personal name | Ekanayake, J. B. |
| Fuller form of name | (Janaka B.) |
| 9 (RLIN) | 132641 |
| 906 ## - LOCAL DATA ELEMENT F, LDF (RLIN) | |
| a | 7 |
| b | rip |
| c | orignew |
| d | 1 |
| e | ecip |
| f | 20 |
| g | y-gencatlg |
| 942 ## - ADDED ENTRY ELEMENTS (KOHA) | |
| Source of classification or shelving scheme | |
| Koha item type | Book |
| Withdrawn status | Lost status | Damaged status | Not for loan | Permanent Location | Current Location | Shelving location | Date acquired | Source of acquisition | Total Checkouts | Total Renewals | Full call number | Barcode | Checked out | Date last seen | Date last checked out | Cost, replacement price | Price effective from | Koha item type |
|---|---|---|---|---|---|---|---|---|---|---|---|---|---|---|---|---|---|---|
| US-Pakistan Center for Advanced Studies in Energy (USPCAS-E) | US-Pakistan Center for Advanced Studies in Energy (USPCAS-E) | General Stacks | 04/22/2013 | Victoria co | 5 | 1 | 621.73 SMA 2012 | CAS-E0000270 | 04/29/2026 | 12/30/2025 | 12/30/2025 | 11817.00 | 09/23/2014 | Book |
